000 01061nam a22002537a 4500
005 20170123164143.0
010 _aB-124348
020 _c200.00
_a8171433510
035 _aB-124348
037 _bCen Lib / Ret
040 _aDPL
_bPN
082 _a850.8
_bਬੇਦੀਹ
245 _aਪਰਵਾਸੀ ਪੰਜਾਬੀ ਸਾਹਿਤ ਦੇ ਮਸਲੇ /
_cਹਰਚੰਦ ਸਿੰਘ ਬੇਦੀ
246 _aParvasi punjabi sahit de masle /
_bedited by Harchand Singh Bedi
260 _aਅੰਮ੍ਰਿਤਸਰ
_bਰਾਵੀ ਸਾਹਿਤ ਪ੍ਰਕਾਸ਼ਨ
_c2004
270 _aਹਾਲ ਬਾਜ਼ਾਰ
_bਅੰਮ੍ਰਿਤਸਰ
_e143105
300 _a208p.
_c21cm(pbk)
650 _aਸਾਹਿਤ -- ਪੰਜਾਬੀ
_9119203
650 _aਪੰਜਾਬੀ -- ਕਹਾਣੀਆਂ
_9119204
650 _aLiterature -- Punjabi
_9114104
650 _aPunjabi -- Fiction
_9119205
700 _aਹਰਚੰਦ ਸਿੰਘ ਬੇਦੀ
_9119206
942 _2ddc
_cPN
_h850.8
_mਬੇਦੀਹ
999 _c109809
_d109809